U.S. Open Golf Champions - Statistics

General Stats
  • This quiz has been taken 170 times
    148 since last reset
  • The average score is 52 of 124
Answer Stats
Year Answer % Correct
1941 Craig Wood
100%
2000 | 2002 | 2008 Tiger Woods
93%
2011 Rory McIlroy
90%
2015 Jordan Spieth
86%
2020 | 2024 Bryson DeChambeau
83%
2016 Dustin Johnson
83%
1962 | 1967 | 1972 | 1980 Jack Nicklaus
83%
2017 | 2018 Brooks Koepka
79%
1965 Gary Player
76%
2023 Wyndham Clark
76%
2021 Jon Rahm
69%
1960 Arnold Palmer
66%
1948 | 1950 | 1951 | 1953 Ben Hogan
66%
1994 | 1997 Ernie Els
66%
2019 Gary Woodland
66%
1982 Tom Watson
66%
2013 Justin Rose
62%
1991 | 1999 Payne Stewart
62%
2010 Graeme McDowell
55%
2022 Matt Fitzpatrick
55%
1906 | 1910 Alex Smith
52%
1923 | 1926 | 1929 | 1930 Bobby Jones
52%
1988 | 1989 Curtis Strange
52%
2003 Jim Furyk
52%
2014 Martin Kaymer
52%
1996 Steve Jones
52%
1992 Tom Kite
52%
1899 Willie Smith
52%
1939 Byron Nelson
48%
1983 Larry Nelson
48%
2001 | 2004 Retief Goosen
48%
1995 Corey Pavin
45%
2006 Geoff Ogilvy
45%
1974 | 1979 | 1990 Hale Irwin
45%
1968 | 1971 Lee Trevino
45%
2009 Lucas Glover
45%
1987 Scott Simpson
45%
2012 Webb Simpson
45%
2007 Angel Cabrera
41%
2005 Michael Campbell
41%
1914 | 1919 Walter Hagen
41%
1922 | 1932 Gene Sarazen
38%
1986 Raymond Floyd
38%
1978 | 1985 Andy North
34%
1981 David Graham
34%
1900 Harry Vardon
34%
1977 Hubert Green
34%
1973 Johnny Miller
34%
1952 | 1963 Julius Boros
34%
1993 | 1998 Lee Janzen
34%
1975 Lou Graham
34%
1959 | 1966 Billy Casper
31%
1949 | 1956 Cary Middlecoff
31%
1984 Fuzzy Zoeller
31%
1976 Jerry Pate
31%
1964 Ken Venturi
31%
1970 Tony Jacklin
31%
1913 Francis Ouimet
28%
1955 Jack Fleck
28%
1940 Lawson Little
28%
1969 Orville Moody
28%
1954 Ed Furgol
24%
1961 Gene Littler
24%
1927 Tommy Armour
24%
1958 Tommy Bolt
24%
1901 | 1903 | 1904 | 1905 Willie Anderson
24%
1957 Dick Mayer
21%
1920 Ted Ray
21%
1921 Jim Barnes
17%
1911 | 1912 John McDermott
17%
1934 Olin Dutra
14%
1937 | 1938 Ralph Guldahl
14%
1935 Sam Parks Jr.
14%
1925 Willie Macfarlane
14%
1907 Alec Ross
10%
1916 Chick Evans
10%
1924 Cyril Walker
10%
1908 Fred McLeod
10%
1909 George Sargent
10%
1895 Horace Rawlins
10%
1915 Jerome Travers
10%
1928 Johnny Farrell
10%
1933 Johnny Goodman
10%
1902 Laurie Auchterlonie
10%
1947 Lew Worsham
10%
1946 Lloyd Mangrum
10%
1898 Fred Herd
7%
1896 James Foulis
7%
1897 Joe Lloyd
7%
1936 Tony Manero
7%
1931 Billy Burke
0%
No matching quizzes found
Score Distribution
Percent of People with Each Score
Percentile by Number Answered
Your Score History
You have not taken this quiz since the last reset